Tecnología de sistemas particulados /
Guardado en:
| Autor Principal: | |
|---|---|
| Formato: | Libro |
| Idioma: | English |
| Publicado: |
Bahía Blanca, Argentina :
Planta Piloto de Ingeniería Química (PLAPIQUI),
1981.
|
| Materias: | |
| Etiquetas: |
Agregar Etiqueta
Sin Etiquetas, Sea el primero en etiquetar este registro!
|
| LEADER | 00781nam a22001815a 4500 | ||
|---|---|---|---|
| 001 | EIQ.libpla001447 | ||
| 008 | 061018s1981####ag#a##########000#0#eng#d | ||
| 005 | 20061018173615.0 | ||
| 245 | 1 | 0 | |a Tecnología de sistemas particulados / |c by William Resnick. |
| 260 | |a Bahía Blanca, Argentina : |b Planta Piloto de Ingeniería Química (PLAPIQUI), |c 1981. | ||
| 300 | |a 2 v. : |b il. ; |c 28 cm. | ||
| 500 | |a Notas para un curso presentado en Planta Piloto de Ingeniería Química (PLAPIQUI). | ||
| 100 | 1 | |a Resnick, William. | |
| 650 | 4 | |a Sistemas particulados |x Tecnología. | |
| 650 | 4 | |a Particulate system |x Technology. | |
| 040 | |a AR-BbSID |b spa |c AR-BbSID | ||
| 859 | |a AR-BbSID |b BIB. PLAPIQUI |h 629.831 |i R 311 |p 1677 |v Pte 1 |3 Pte. 1 | ||
| 859 | |a AR-BbSID |b BIB. PLAPIQUI |h 629.831 |i R 311 |p 1681 |v Pte. 2 |3 Pte. 2 | ||
